00534nam a2200133 a 4500001001000000005001700010008004100027050002400068245004600092260016500138300002300303504002800326600004600354BRCA_150620190320203445.0910102s1989 mx-a---##b---#000-0#spa-# 4aN6999.B4b.A54 198910aAngelina Beloffbilustradora y grabadora. aMéxicobMuseo Estudio Diego Rivera : CONACULTA : INBA : Instituto Francés de América Latina : Centro de Artes Visuales e Investigaciones Estéticasc1989 a95 p.bil.c23 cm. aBibliografía: p. [96]14aBeloff, Angelinad1879-1969vExposiciones